Research bulletin /

Saved in:
Bibliographic Details
New Title:tResearch bulletin (University of Georgia. Georgia Agricultural Experiment Stations)
Corporate Author: University of Georgia. College of Agriculture. Experiment Stations
Format: Serial
Language:English
Published: Athens, Ga. : The Stations, 1967-.
Subjects:
LEADER 01852cas a2200469 a 4500
001 c000381070
003 CARM
005 20110815115004.0
007 t|
008 110815d19671991gau x m s0 a0eng d
010 |a sf 84007171  |z sn 84008694 
019 1 |a 3877524  |5 LACONCORD2021 
022 0 |a 0435-4680 
035 |a (OCoLC)1446179  |5 LACONCORD2021 
040 |a LC  |b eng  |c LC  |d ANL 
042 |a nsdp  |a lc 
043 |a n-us-ga 
050 0 0 |a UNC 
050 4 |a S51  |b .R4 
070 |a S51.E2 
082 1 4 |a 630  |2 11 
130 0 |a Research bulletin (University of Georgia. College of Agriculture. Experiment Stations) 
210 0 |a Res. bull. - Univ. Ga., Coll. Agric., Exp. Stn 
222 0 |a Research bulletin - University of Georgia. College of Agriculture. Experiment Stations 
245 1 0 |a Research bulletin /  |c University of Georgia, College of Agriculture Experiment Stations. 
260 |a Athens, Ga. :  |b The Stations,  |c 1967-. 
300 |a 404 v. :  |b ill. ;  |c 22 cm. 
310 |a Irregular 
362 0 |a 1- 
362 1 |a Ceased publication with no. 404 in 1991. 
500 |a Title from cover. 
510 2 |a Bibliography of agriculture,  |x 0006-1530 
510 2 |a Excerpta medica 
650 0 |a Agriculture  |z Georgia  |v Periodicals. 
710 2 |a University of Georgia.  |b College of Agriculture.  |b Experiment Stations 
785 0 0 |a tResearch bulletin (University of Georgia. Georgia Agricultural Experiment Stations)  |w (DLC)sn 94029266  |w (OCoLC)26236312 
866 0 |a 61(1969:06) 
852 8 |b CARM  |p 0576101  |j 61(1969:06)  |f SE 
852 8 |b SCAN  |h A3:AI02B0  |i B11849  |p 0576101  |f SE 
999 f f |i 4b5b5852-3326-549f-befa-626e70537a69  |s de256734-1ad3-50d7-893c-b74f6e748936 
952 f f |p Can circulate  |a CAVAL  |b CAVAL  |c CAVAL  |d CARM 1 Store  |i book  |k 61(1969:06)  |m 0576101 
952 f f |a CAVAL  |b CAVAL  |c CAVAL  |d Unmapped Location  |e B11849  |f A3:AI02B0  |h Other scheme